|
|
|
|
| LEADER |
00000caa a22000002c 4500 |
| 001 |
1783653191 |
| 003 |
DE-627 |
| 005 |
20230130164804.0 |
| 007 |
tu |
| 008 |
211229s2018 xx ||||| 00| ||ger c |
| 020 |
|
|
|a 9783170340527
|
| 035 |
|
|
|a (DE-627)1783653191
|
| 035 |
|
|
|a (DE-599)KXP1783653191
|
| 040 |
|
|
|a DE-627
|b ger
|c DE-627
|e rda
|
| 041 |
|
|
|a ger
|
| 084 |
|
|
|a 0
|a 1
|2 ssgn
|
| 100 |
1 |
|
|e VerfasserIn
|0 (DE-588)1165801620
|0 (DE-627)1029865191
|0 (DE-576)510535887
|4 aut
|a Burkhardt, Stefanie
|
| 109 |
|
|
|a Burkhardt, Stefanie
|
| 245 |
1 |
0 |
|a Something Strange in the Neighborhood
|b Zur ‚Wiederkehr der Religion' als Heimsuchung
|
| 264 |
|
1 |
|c 2018
|
| 336 |
|
|
|a Text
|b txt
|2 rdacontent
|
| 337 |
|
|
|a ohne Hilfsmittel zu benutzen
|b n
|2 rdamedia
|
| 338 |
|
|
|a Band
|b nc
|2 rdacarrier
|
| 601 |
|
|
|a Religion
|
| 773 |
0 |
8 |
|i Enthalten in
|t Verwandlungen
|b 1. Auflage
|d Stuttgart : Verlag W. Kohlhammer, 2018
|g (2018), Seite 41-44
|h 124 Seiten
|w (DE-627)1030325243
|w (DE-576)511221274
|z 3170340522
|z 9783170340527
|7 nnam
|
| 773 |
1 |
8 |
|g year:2018
|g pages:41-44
|
| 935 |
|
|
|a mteo
|
| 951 |
|
|
|a AR
|
| ELC |
|
|
|b 1
|
| ITA |
|
|
|a 1
|t 1
|
| LOK |
|
|
|0 000 xxxxxcx a22 zn 4500
|
| LOK |
|
|
|0 001 4027341473
|
| LOK |
|
|
|0 003 DE-627
|
| LOK |
|
|
|0 004 1783653191
|
| LOK |
|
|
|0 005 20230130164804
|
| LOK |
|
|
|0 008 211229||||||||||||||||ger|||||||
|
| LOK |
|
|
|0 035
|a (DE-Tue135)1030325243_2018_41
|
| LOK |
|
|
|0 040
|a DE-Tue135
|c DE-627
|d DE-Tue135
|
| LOK |
|
|
|0 092
|o n
|
| LOK |
|
|
|0 852
|a DE-Tue135
|
| LOK |
|
|
|0 852 1
|9 00
|
| LOK |
|
|
|0 866
|x #006
|
| LOK |
|
|
|0 866
|x Erfassung nach Autorenmeldung
|
| LOK |
|
|
|0 935
|a imwa
|a ixau
|a ixrk
|a rwzx
|
| LOK |
|
|
|0 939
|a 29-12-21
|b l01
|
| ORI |
|
|
|a SA-MARC-ixtheoa001.raw
|
| REL |
|
|
|a 1
|
| SUB |
|
|
|a REL
|